Guess the country population #1 - Statistics

General Stats
  • This quiz has been taken 13 times
  • The average score is 8 of 15
Answer Stats
Question Answer % Correct
Srilanka 23,169,000
80%
Philippines 116,316,000
70%
Bolivia 12,498,000
70%
Estonia 1,354,000
70%
Cambodia 17,745,000
70%
Spain 47,905,000
70%
Slovakia 5,494,000
60%
Fiji 931,000
60%
Niger 27,472,000
50%
Rwanda 14,407,000
40%
Saint Lucia 180,000
40%
Marshall Islands 38,000
30%
Brunei 465,000
30%
Nicaragua 6,962,000
30%
Mozambique 35,134,000
20%
No matching quizzes found
Score Distribution
Percent of People with Each Score
Percentile by Number Answered
Your Score History
You have not taken this quiz